| 000 | 01081cam a22003134a 4500 | ||
|---|---|---|---|
| 001 | 14281964 | ||
| 003 | OSt | ||
| 005 | 20161004150436.0 | ||
| 008 | 060301s2006 ii a b 001 0 eng | ||
| 010 | _a 2006007311 | ||
| 020 | _a817829625X | ||
| 020 | _a0761934782 | ||
| 035 | _a(OCoLC)ocm64453459 | ||
| 040 |
_aDLC _cDLC _dBWKUK _dBAKER _dDLC |
||
| 042 | _apcc | ||
| 050 | 0 | 0 |
_aHN49.C6 _bG568 2006 |
| 082 | 0 | 0 |
_a307.1412 _222 _bGLO 2006 |
| 100 |
_aEditor, Behera M.C. _911142 |
||
| 245 | 0 | 0 |
_aGlobalising rural development : _bcompeting paradigms and emerging realities |
| 260 |
_aLondon : _bSage, _c2006. |
||
| 300 |
_a462 p. : _bill. ; _c23 cm. |
||
| 504 | _aIncludes bibliographical references and index. | ||
| 650 | 0 |
_aRural development _97752 |
|
| 650 | 0 |
_xEconomic Development _97333 |
|
| 856 | 4 | 2 |
_3Publisher description _uhttp://www.loc.gov/catdir/enhancements/fy0701/2006007311-d.html |
| 856 | 4 | 1 |
_3Table of contents only _uhttp://www.loc.gov/catdir/enhancements/fy0701/2006007311-t.html |
| 906 |
_a7 _bcbc _corignew _d1 _eecip _f20 _gy-gencatlg |
||
| 942 |
_2ddc _cSLOAN |
||
| 999 |
_c3470 _d3470 |
||